000 00428nam a22001577a 4500
008 110706t xxu||||| |||| 00| 0 eng d
020 _a8526230042
080 _a91
100 _aGARCIA,Helio Carlos
_9472
245 _aGeografia dos Continentes
_cHelio Carlos Garcia
250 _aSem editora
260 _aSão Paulo
_bEditora Scipione
_c1997
300 _a63p
650 _aGeografia dos continentes
_9473
942 _2ddc
_cBK
999 _c22839
_d22839